Asia Summer Monsoon and Mesoscale Numerical Simulation (Record no. 32725)

000 -Cabeçalho
Cabeçalho 00532nam 22001813 4500
001 - Identificador do registo
Identificador do registo 32725
010 ## - Número Internacional Normalizado dos livros (ISBN)
Número Internacional Normalizado - ISBN 7-5029-3918-0/P.1390
090 ## - Número de controle KOHA
Número biblioitem KOHA 32725
100 ## - Dados gerais de processamento
Dados gerais de processamento 20260416d u||y0pory50 ba
101 ## - Língua da publicação
Língua do texto, banda sonora, etc. Inglês
200 ## - Título e menção de responsabilidade
Título próprio Asia Summer Monsoon and Mesoscale Numerical Simulation
Primeira menção de responsabilidade Macao Meteorological and Geophysical Bureau, ed.
210 ## - Publicação, distribuição, etc.
Lugar da edição, distribuição, etc. China
Nome do editor, distribuidor, etc. China Meteorological Press
Data da publicação, distribuição, etc. 2004
215 ## - Descrição física
Tipo do material e extensão do item 291 p.
Dimensões 26 cm.
225 ## - Coleção
Título próprio da coleção MMGB Collected Papers
Número de uma parte ou secção Vol. 1
317 ## - Nota de proveniência
Instituição e exemplar a que o campo se aplica IM
606 ## - Nome comum usado como assunto
Subdivisão de assunto Previsão Numérica
ID Autoridade 23786
801 ## - Fonte de origem
Regras de catalogação ISBD
942 ## - Informação adicional KOHA
Inibição de acesso no OPAC Não
Holdings
Situação do extravio Classificação interna Koha para ordenação Data de aquisição Número de registo Número interno Koha (auto-gerado) Biblioteca de aquisição Biblioteca de empréstimo Cota Fim da data de empréstimo Permissão de empréstimo Tipo de documento
  ESTANTE_3_PRAT_4_000000000000000 2026-04-16 11071 32871 Biblioteca da Sede Biblioteca da Sede Estante 3, Prat 4 2026-04-16   Monografias

Powered by Koha